Statistiken für Weltstädte mit Hinweisen #2

Klicken Sie hier um das Quiz zu spielen!

Allgemein

  • Dieses Quiz wurde 923 mal gespielt
  • Das Durchschnittsergebnis liegt bei 14 aus 20

Antwortstatistiken

Hinweise Stadt % Korrekt
Checkpoint Charlie, Brandenburger Tor,
Potsdamer Platz
Berlin
100%
EU-Hauptstadt, Waffeln, RosenkohlBrüssel
96%
Camp Nou, Katalanisch, Sagrada FamíliaBarcelona
92%
Europäische Zentralbank, Main, Hot DogsFrankfurt
88%
Kleine Meerjungfrau, Øresund-Brücke,
Tivoli-Gärten
Kopenhagen
83%
Jüdisches Ghetto, Weichsel,
Kommunistischer Pakt,
Warschau
83%
Karlsbrücke, Frühling von 1968,
Franz Kafka
Prag
81%
Tahrir-Platz, Nil, MinaretteKairo
80%
Gangnam, Samsung, Han-FlussSeoul
75%
Bollywood, Marathi-Sprache, Dharavi SlumMumbai
73%
Lombardei, Armani, Piazza del DuomoMailand
73%
Antike Bibliothek, Leuchtturm,
Benannt nach dem Eroberer
Alexandria
69%
Verblendung, Ostsee,
Geisel-Syndrom
Stockholm
69%
Olympische Winterspiele, Balkan,
Franz Ferdinand
Sarajevo
65%
Gdansk, Freie Stadt, Lech WałęsaDanzig
64%
Karthago, Avenue Habib Bourguiba,
Arabischer Frühling
Tunis
59%
CN Tower, Bürgermeister Rob Ford, DrakeToronto
57%
Neighbours, Cricketfelder, Port PhillipMelbourne
22%
Fringe Festival, Parlament, David HumeEdinburgh
21%
Stampede, Ölindustrie, nahe BanffCalgary
21%

Verteilung der Resultate

Perzentil nach korrekt beantworteten Fragen

Anzahl Personen mit jedem Resultat

Ihre Resultats-Entwicklung

Sie haben dieses Quiz noch nicht gespielt